Solutions (MultiROM):

Guardado en:
Detalles Bibliográficos
Autor principal: Kelly, Paul
Formato: Libro
Lenguaje:Undetermined
Publicado: Oxford Oxford University Press 2010
Materias:
Etiquetas: Agregar Etiqueta
Sin Etiquetas, Sea el primero en etiquetar este registro!
Thư viện lưu trữ: Trung tâm Học liệu Trường Đại học Cần Thơ
LEADER 00659nam a2200217Ia 4500
001 CTU_183455
008 210402s9999 xx 000 0 und d
082 |a 428.0076 
082 |b F691/G12mCD 
100 |a Kelly, Paul 
245 0 |a Solutions (MultiROM): 
245 0 |c Paul Kelly 
260 |a Oxford 
260 |b Oxford University Press 
260 |c 2010 
650 |a English language,Anh ngữ thực hành,English language 
650 |x Textbooks for foreign speakers,Examinations 
650 |y Study guides 
904 |i Cuuter mã hóa theo tên sách 
910 |a Nguyên 
980 |a Trung tâm Học liệu Trường Đại học Cần Thơ